| 000 | 00584nam a22001937a 4500 | ||
|---|---|---|---|
| 999 |
_c1678 _d1678 |
||
| 003 | AR-CdUCM | ||
| 008 | 190227b ||||| |||| 00| 0 spa d | ||
| 040 |
_aMUNICIPALIDAD PROVINCIAL DEL CUSCO _cBIBLIOTECA MUNICIPAL DEL CUSCO |
||
| 082 |
_a869.56 / _bAL34 |
||
| 100 |
_aAlagna, Gaspare _96231 |
||
| 245 | _aMemorias de un dios herido / | ||
| 260 |
_aLima : _bColmillo blanco, _c1989. |
||
| 300 |
_a47 páginas ; _c20 cm. |
||
| 500 | _aPublicación auspiciada por el CONCYTEC. | ||
| 650 |
_aLiteratura peruana _9169 |
||
| 650 |
_aPoesía _9139 |
||
| 942 |
_2ddc _cLIBROS |
||
| 945 | _azta | ||